A political science approach to human rights / (Record no. 387)
[ view plain ]
| 000 -LEADER | |
|---|---|
| fixed length control field | 00520cam a2200181 a 4500 |
| 001 - CONTROL NUMBER | |
| control field | 14550758 |
| 005 - DATE AND TIME OF LATEST TRANSACTION | |
| control field | 20240214050039.0 |
| 008 - FIXED-LENGTH DATA ELEMENTS--GENERAL INFORMATION | |
| fixed length control field | 060914s2002 ce b 000 0 eng |
| 020 ## - INTERNATIONAL STANDARD BOOK NUMBER | |
| ISBN | 9558698008 |
| 040 ## - CATALOGING SOURCE (பட்டியலாக்க மூலம்) | |
| Original cataloging agency | DLC |
| Transcribing agency | DLC |
| 082 ## - DDC Classification | |
| DDC Edition Number | 22 |
| Class No. | 320 |
| Item Number - Author Mark | LAK. |
| 100 1# - MAIN ENTRY--PERSONAL NAME | |
| Personal name | Fernando, Laksiri. |
| 245 12 - TITLE STATEMENT | |
| Title | A political science approach to human rights / |
| Statement of responsibility, etc. | Laksiri Fernando. |
| 260 ## - PUBLICATION, DISTRIBUTION, ETC. | |
| Place of publication, distribution, etc. | Colombo : |
| Name of publisher, distributor, etc. | Centre for the Study of Human Rights, University of Colombo, |
| Date of publication, distribution, etc. | 2002. |
| 300 ## - PHYSICAL DESCRIPTION | |
| Extent (e.g. Volumes, Pages etc.) | 88 p. ; |
| 650 #0 - SUBJECT ADDED ENTRY--TOPICAL TERM | |
| Topical term or geographic name entry element | Human rights. |
| 942 ## - Koha item type (Biblio) | |
| Koha item type | Books in Stacks (Lending) |
| Lost status | Damaged status | Collection code | Home library | Current library | Date acquired | Full call number | Accession Number | Item type |
|---|---|---|---|---|---|---|---|---|
| Lending | WERC Library | WERC Library | 02/14/2024 | 320 LAK. | 5727 | Books in Stacks (Lending) |
